| Tag |
First Indicator |
Second Indicator |
Subfields |
| LEADER |
00000cam a2200000 i 4500 |
| 001 |
in00000388917 |
| 005 |
20151011113845.0 |
| 008 |
790417r19631895nbuc 00000aeng d |
| 035 |
|
|
|a (OCoLC)04865569
|
| 035 |
|
|
|9 ABR9931AM
|
| 040 |
|
|
|a LDL
|c LDL
|d TXA
|d UtOrBLW
|
| 049 |
|
|
|a TXA1
|c [A14808482253]
|
| 090 |
|
|
|a F666.M7
|b A3 1895a
|
| 100 |
1 |
|
|a Morton, Cyrus,
|d 1831-
|
| 245 |
1 |
0 |
|a Autobiography of Cyrus Morton.
|
| 264 |
|
1 |
|a Omaha :
|b Morton,
|c 1895 (
|
| 264 |
|
3 |
|a Omaha :
|b The Douglas printing Co.
|
| 300 |
|
|
|a 46 pages, 1 unnumbered leaf of plates :
|b portrait ;
|c 24 cm.
|
| 336 |
|
|
|a text
|b txt
|2 rdacontent
|
| 337 |
|
|
|a unmediated
|b n
|2 rdamedia
|
| 338 |
|
|
|a volume
|b nc
|2 rdacarrier
|
| 500 |
|
|
|a Facsimile reprint, 1963 by author's son, George T. Morton--label on fly leaf.
|
| 650 |
|
0 |
|a Frontier and pioneer life
|z West (U.S.)
|
| 650 |
|
0 |
|a Frontier and pioneer life
|z Nebraska.
|
| 600 |
1 |
0 |
|a Morton, Cyrus,
|d 1831-
|
| 999 |
|
|
|a MARS
|
| 999 |
f |
f |
|s a12caef6-ee05-3320-8987-d9b772b880d9
|i b7e9d3d3-2571-381f-91ca-fc063386d7eb
|t 0
|
| 952 |
f |
f |
|p noncirc
|a Texas A&M University
|b College Station
|c Cushing Memorial Library & Archives
|d Cushing: Dykes (Does not check out)
|t 0
|e F666.M7 A3 1895a
|h Library of Congress classification
|i unmediated -- volume
|m A14851723800
|
| 998 |
f |
f |
|a F666.M7 A3 1895a
|t 0
|l Cushing: Dykes (Does not check out)
|